Joint roasting (Record no. 69618)

MARC details
000 -LEADER
fixed length control field 01289cam a2200229 4500
001 - CONTROL NUMBER
control field ABS65079
008 - FIXED-LENGTH DATA ELEMENTS--GENERAL INFORMATION
fixed length control field 020227n2002 000 0 eng u
035 ## - SYSTEM CONTROL NUMBER
System control number (Sirsi) u116881
100 ## - MAIN ENTRY--PERSONAL NAME
Personal name Barnes, R.
245 ## - TITLE STATEMENT
Title Joint roasting
260 ## - PUBLICATION, DISTRIBUTION, ETC.
Date of publication, distribution, etc. 2002
490 ## - SERIES STATEMENT
Series statement Building
Volume/sequential designation 267(8221) 15 February 2002, 51(1)
520 ## - SUMMARY, ETC.
Summary, etc. Warns that joint liability in diligence work may result in one party having to pay the whole amount, if the other party cannot pay it's part. Highlights the Court of Appeal's judgment in "Eastgate Group Limited v Lindsey Morden Group Inc". The Civil Liability (Contribution) Act 1978 provisions mean that any professional may be liable with others, for instance with a contractor where they fail to notice its defective work, or with another professional whose designs thay fail to check correctly. Recommends professionals carrying out due diligence work include a suitable net contribution clause in their contracts to restrict their potential liability to a client.
590 ## - LOCAL NOTE (RLIN)
Local note ABS
650 ## - SUBJECT ADDED ENTRY--TOPICAL TERM
Topical term or geographic name entry element CIVIL LIABILITY (CONTRIBUTION) ACT 1978
650 ## - SUBJECT ADDED ENTRY--TOPICAL TERM
Topical term or geographic name entry element Contracts
9 (RLIN) 6232
650 ## - SUBJECT ADDED ENTRY--TOPICAL TERM
Topical term or geographic name entry element COURT OF APPEAL
650 ## - SUBJECT ADDED ENTRY--TOPICAL TERM
Topical term or geographic name entry element LIABILITY
650 ## - SUBJECT ADDED ENTRY--TOPICAL TERM
Topical term or geographic name entry element EASTGATE GROUP LTD V LINDSEY MORDEN GROUP INC
690 ## - LOCAL SUBJECT ADDED ENTRY--TOPICAL TERM (OCLC, RLIN)
Topical term or geographic name as entry element BUILT ENVIRONMENT-BUILDING CONTRACT FORMS
942 ## - ADDED ENTRY ELEMENTS (KOHA)
Suppress in OPAC 0
Holdings
Withdrawn status Lost status Source of classification or shelving scheme Damaged status Not for loan Home library Current library Shelving location Date acquired Total Checkouts Full call number Barcode Date last seen Copy number Price effective from Koha item type
    Dewey Decimal Classification     London London Journal article 27/02/2002   ABS65079 116881-1001 06/08/2019 1 06/08/2019 Journal article